Statistics for Ethnicities of Türkiye with Flag

Click here to take the quiz!

General Stats

  • This quiz has been taken 34 times
  • The average score is 22 of 28

Answer Stats

Answer% Correct
Azerbaijani
100%
Turkish
100%
Albanian
97%
Bosnian
97%
German
97%
Kurdish
97%
Russian
97%
Arabic
94%
Canadian
94%
Georgian
94%
Polish
94%
Serbian
94%
Australian
91%
British
91%
Bulgarian
91%
Dutch
91%
Greek
91%
Armenian
88%
Japanese
88%
Afghan
78%
Iranian
78%
Assyrian
47%
Chechen
47%
Circassian
41%
Crimean Tatar
34%
Laz
28%
Zaza
13%
Pomak
6%

Score Distribution

Percentile by Number Answered

Percent of People with Each Score

Your Score History

You have not taken this quiz